Spôsob prípravy 4-(17alfa-substituovaných-3-oxoestra-4,9-dien-11ß-yl)benzaldehyd-(1E alebo 1Z)-oxímov

Podrobná bibliografia
Korporatívny autor: Bayer Schering Pharma Aktiengesellschaft (Berlín, Nemecko) (Majiteľ patentu)
Ďalší autori: Schubert, Gerd (Pôvodca), Ring, Sven (Pôvodca), Erhart, Bernd (Pôvodca)
Médium: Kniha
Jazyk:slovenčina
Fyzický popis:14 s. 30 cm
Vydavateľské údaje: [Banská Bystrica] Úrad priemyselného vlastníctva SR [2009]
Predmet:

MARC

LEADER 00000cam a2200000 a 4500
001 vtls009841618
003 SK-MaSNL
005 20260331205012.0
008 251120s2009 xo j f000 0 slo
013 |a 286601  |b gw  |c patent  |d 20090205  |e dátum nadobudnutia účinkov patentu (Vestník ÚPV SR č.: 2/2009)  |d 20090114  |e dátum sprístupnenia patentu 
013 |a 551-2003  |e číslo prihlášky  |d 20011109  |e dátum podania prihlášky  |d 20031007  |e dátum zverejnenia prihlášky (Vestník ÚPV SR č.: 10/2003) 
013 |a 100 56 676.6  |e číslo prioritnej prihlášky  |d 20011109  |e dátum podania prioritnej prihlášky  |b DE  |e kód krajiny prioritnej prihlášky 
015 |a SNBN2015 
035 |a (SVKBBclas03)vtls000307052 
040 |a SNK  |b slo  |c SNK  |e AACR2 
041 0 |a slo 
044 |a xo  |c SK 
072 7 |a 547  |x Organická chémia  |2 konspekt 
072 7 |a 66  |x Chemický priemysel. Chemická technológia  |2 konspekt 
080 |a 66  |2 2001 
080 |a 547.1-3  |2 2001 
084 |a C07J 41/00  |2 IPC 
084 |a C07J 1/00  |2 IPC 
084 |a C07J 21/00  |2 IPC 
084 |a C07J 71/00  |2 IPC 
100 1 |a Schubert, Gerd  |4 org  |9 295659 
245 1 0 |a Spôsob prípravy 4-(17alfa-substituovaných-3-oxoestra-4,9-dien-11ß-yl)benzaldehyd-(1E alebo 1Z)-oxímov  |c Gerd Shubert, Sven Ring, Bernd Erhart ; patent. zást. Eva Bušová 
260 |a [Banská Bystrica]  |b Úrad priemyselného vlastníctva SR  |c [2009] 
300 |a 14 s.  |c 30 cm 
650 0 7 |a chemická technológia  |2 SNKPH  |9 65015 
650 0 7 |a Chemical technology  |2 SNKPHeng  |9 265252 
650 0 7 |a organické zlúčeniny  |2 SNKPH  |9 4318 
650 0 7 |a Organic compounds  |2 SNKPHeng  |9 306924 
655 7 |a patenty  |2 SNKPH  |9 177343 
655 7 |a patent licenses  |2 SNKPHeng  |9 303430 
700 1 |a Schubert, Gerd  |4 org  |9 295659 
700 1 |a Ring, Sven  |4 org  |9 321944 
700 1 |a Čechvalová, Dagmar  |4 oth  |9 305714 
700 1 |a Erhart, Bernd  |4 org  |9 321945 
710 2 |a Bayer Schering Pharma Aktiengesellschaft (Berlín, Nemecko)  |4 pth  |9 321077 
999 |c 573039  |d 574969 
952 |a SNK  |b SNK  |y PREZ  |7 0  |p 17A1171346  |o snkSK 286601  |i snk2015/27024  |8 0  |0 0  |1 0  |4 0  |d 2015-09-24  |l 0  |r 2026-02-23 14:22:51  |w 2026-02-23